ABC Animal Jamboree (Emmett) - Statistics

General Stats
  • This quiz has been taken 12 times
  • The average score is 18 of 26
Answer Stats
Picture Hint Answer % Correct
A Angelfish
100%
B Boa Constrictor
82%
C Crocodile
82%
E Elephant
82%
F Frog
82%
G Giraffe
82%
D Dolphin
73%
H Hippopotamus
73%
I Iguana
73%
J Jellyfish
73%
K Kangaroo
73%
L Lion
73%
M Monkey
73%
O Octopus
73%
P Penguin
73%
S Shark
73%
T Tiger
73%
N Narwhal
64%
R Rhinoceros
64%
V Vulture
64%
W Whale
64%
Y Yak
64%
Z Zebra
64%
Q Quetzal
55%
X X-Ray Fish
45%
U Umbrella Bird
36%
No matching quizzes found
Score Distribution
Percent of People with Each Score
Percentile by Number Answered
Your Score History
You have not taken this quiz